000 00221 a2200097 4500
001 42825
100 _aRussel B
245 _aThe problems of philosophy
260 _aLondon
_bOxford Univ press
_c
090 _c26715
_d26715
942 _aNUST-CAE
_cM
_c18575
999 _c277898
_d277898